01654nac a22004337a 4500001001000000003000900010005001700019008003400036040005400070072001300124090001900137100001700156100002300173100001900196110009800215245010300313260004000416300001000456490014500466500012500611650001200736650000900748650001000757650001100767650001100778650001100789650001300800650001000813650000900823650001100832650001000843650001200853650001300865650002300878909004700901942001700948999001900965952023600984BR8007049BR-BrBNA20240105114834.0230509b bl.|||m| |||| 00| 0 por d aBR-BrBNAbporcBiblioteca Nacional de Agricultura aF00; E70 a0430 BR80070491 aBrasil, A.R.1 aFreire, L.E. de F.1 aJesus, R.F. de1 aComissao Estadual de Planejamento Agricola de Mato Grosso do Sul, Campo Grande (Brasil)920301 aRelatorio de acompanhamento conjuntural. Informe sistematico, maio/80 [Mato Grosso do Sul, Brasil]3 aCampo Grande, MS (Brasil): c1980.  a60 p. aRelatorio de Acompanhamento Conjuntural. Informe Sistematico - Comissao Estadual de Planejamento Agricola de Mato Grosso do Sul (Brazil)vx a(*) Documento disponível na(o) Comissao Estadual de Planejamento Agricola de Mato Grosso do Sul, Campo Grande (Brazil) aALGODAO aALHO aARROZ aBATATA aCEBOLA aFEIJAO aMANDIOCA aMILHO aSOJA aTOMATE aTRIGO aPLANTIO aCOLHEITA aMATO GROSSO DO SUL a202312bLúcia Elandec55dLúcia Elande 2AGRISn0cMS c271589d271589 002AGRIS40728Acervo Gerala41918b41918cAGROBASEl0r2023-12-18yMSz(*) Documento disponível na(o) Comissao Estadual de Planejamento Agricola de Mato Grosso do Sul, Campo Grande (Brazil)ePortaria Interministerial nº 164/94